01751nam a2200229 a 4500001001000000003000400010005001700014007000300031008004100034040002500075082002100100245006200121260003600183300002000219500004700239505001300286505001300299505001300312505079000325505033501115710007101450000048130OSt20210215120001.0ta181119s2006 dr frl 000 spa d aDO-SdBNPbspacBNPHU aBNPHU-xxxbR377i 0aReglamento interno estatutario y leyes 6160, 6201 y 6200. aSanto Domingo :bCODIA ,c2006. a94 p. ;c22 cm. aIncluye himno al CODIA en la tapa trasera.0 aLey 61600 aLey 62010 aLey 62000 aReglamento interno estatutario:tI. nombre y domicilio. II. fines del colegio. III. de los miembros. IV. deberes y derechos de los miembros. V. de las inscripciones. VI. organización interna. VII. de la asamblea general. VIII. de la asamblea de representantes IX. de la junta directiva. X. del secretario general XI. de los deberes y atribuciones de los funcionarios. XII. tribunal disciplinario. XIII. de la comisión de defensa. XIV. de las delegaciones regionales o provinciales del colegio. XV. de los núcleos profesionales. XVI. de las elecciones. XVII. de los derechos, tasas y cuotas. XVIII modificación del reglamento interno estatutario. XIX. disolución del colegio. XX. de los documentos del ejercicio profesional.0 aApéndices :t1. reglamento para el procedimiento parlamentario. 2. código de ética profesional. 3. reglamento electoral. 4. reglamento interno de la comisión de defensa. 5. reglamento del tribunal disciplinario. 6. reglamento para la nominación y elección del codiano del año 91. 7. reglamento colegiado distinguido. aColegio Dominicano de ingenieros arquitecto y agrimensores (CODIA)